000 00548nam a2200229Ia 4500
003 OSt
005 20230620110033.0
008 210423s2002 xx 000 0 und d
020 _a8120413830
040 _cAL
041 _aeng
082 _a576.196314 RAON
100 _aRAO (N S Subba).
_995849
245 _aSoil microbiology.
250 _a4
260 _aNew Delhi
_bOxford University Press
_c2002
300 _a407
_bPB
365 _b280
_cINR
650 _aMicrobiology
_995850
906 _amicrobiology ; Soil
942 _2ddc
_cBK
999 _c162930
_d162930